| 000 | 00725cam a22002531 4500 | ||
|---|---|---|---|
| 001 | sa 65008823 | ||
| 003 | DLC | ||
| 005 | 20260227112158.0 | ||
| 008 | 930201s1962 ii b 000 0 beno | ||
| 010 | _asa 65008823 | ||
| 025 | _aPL480 : I-B-1867 | ||
| 035 | _a(OCoLC)28264269 | ||
| 040 |
_aDLC _cICU _dTxU _dDLC |
||
| 042 | _apremarc | ||
| 050 | 0 | 0 |
_aBD28 _b.C45 |
| 100 | 1 | _aChakravarty, Nirod Baran. | |
| 245 | 1 | 0 |
_aDarśanera bhūmikā / _c[lekhaka] Nīradabarana Cakrabartī. |
| 250 | _a2. samskaraṇa. | ||
| 260 |
_aKalikātā : _bE. Mūkhārjī, _c[1962/63] |
||
| 300 |
_a8, 277 p. _c23 cm. |
||
| 500 | _aIn Bengali. | ||
| 504 | _aIncludes bibliographical references. | ||
| 650 | 0 |
_aPhilosophy _vIntroductions. |
|
| 999 |
_c65889 _d65889 |
||